PIS-COFINS Nô Cumulatividade e Regimes de Incidn̊cia /

Detalles Bibliográficos
Autor principal: Sehn, Solon
Formato: eBook
Lenguaje:portugués
Publicado: San Pablo: Editora Noeses, 2019
Materias:
Acceso en línea:Acceso restringido

MARC

LEADER 00000nam a22000007a 4500
005 20201120110729.0
007 cr|||| ||||
008 201120s2019 br |||||s|||| 00||0 por d
020 |a 978-85-8310-122-2 
035 |a 32309 
040 |a vLex 
090 |c 10916  |d 10916 
100 1 |a Sehn, Solon 
245 1 0 |a PIS-COFINS  |h [Recurso electrn̤ico] :  |b Nô Cumulatividade e Regimes de Incidn̊cia /  |c Solon Sehn 
256 |a Servicio en ln̕ea 
260 |a San Pablo:  |b Editora Noeses,  |c 2019 
300 |a 1 recurso electrn̤ico 
506 1 |a Disponible solo en los productos indicados  |d vLex Global  |d vLex Global (Academic Edition, excluding Law Schools)  |d vLex Global (U.S. Academic Edition, Law Schools)  |d vLex Global (U.S. Academic Edition, excluding Law Schools)  |d vLex Global (Academic Edition, Law Schools) 
650 0 4 |a Derecho Fiscal  |z Brasil 
740 0 |a vLex Libros (Servicio en ln̕ea) 
856 4 0 |u http://vlex.com/source/pis-cofins-32309  |z Acceso restringido 
942 |c BOOK 
999 0 |a Tax Law